[Event "Tanglin op"]
[Site "Singapore"]
[Date "2022.06.01"]
[Round "8"]
[White "Koh, Zhe Quan Benedict"]
[Black "Wong, Zhenyong Jayden"]
[Result "0-1"]
[WhiteElo "1374"]
[BlackElo "2216"]
[PlyCount "68"]
[EventDate "2022.05.28"]
[EventType "swiss"]
[EventRounds "9"]
[EventCountry "SIN"]
[SourceTitle "CBM 208 Extra"]
[Source "ChessBase"]
[SourceDate "2022.07.31"]
[SourceVersion "1"]
[SourceVersionDate "2022.07.31"]
[SourceQuality "1"]

1. Nf3 c5 2. c4 Nc6 3. Nc3 g6 4. g3 Bg7 5. Bg2 d6 6. 0-0 e5 7. d3 Nge7 8. e4 0-0 9. Be3 a6 10. a4 Bd7 11. Ne1 Nd4 12. Nc2 Rb8 13. Nd5 Nxd5 14. exd5 b5 15. Bxd4 cxd4 16. axb5 axb5 17. Rb1 f5 18. b3 bxc4 19. bxc4 Qa5 20. Qe2 Qc3 21. Rfc1 Bh6 22. Rf1 Rb2 23. Rxb2 Qxb2 24. Ra1 Rb8 25. c5 Bb5 26. Qd1 Qc3 27. cxd6 Bxd3 28. Ra3 Bxc2 29. Rxc3 Bxd1 30. Rc7 Rd8 31. d7 Ba4 32. Rc8 Bg5 33. d6 Bxd7 34. Bd5+ Kf8 0-1

[Event "Tanglin op"]
[Site "Singapore"]
[Date "2022.05.31"]
[Round "5"]
[White "Hng, Mei En Emmanuelle"]
[Black "Koh, Zhe Quan Benedict"]
[Result "1-0"]
[WhiteElo "2000"]
[BlackElo "1374"]
[PlyCount "97"]
[EventDate "2022.05.28"]
[EventType "swiss"]
[EventRounds "9"]
[EventCountry "SIN"]
[SourceTitle "CBM 208 Extra"]
[Source "ChessBase"]
[SourceDate "2022.07.31"]
[SourceVersion "1"]
[SourceVersionDate "2022.07.31"]
[SourceQuality "1"]

1. e4 c5 2. d4 cxd4 3. c3 dxc3 4. Nxc3 Nc6 5. Bc4 e6 6. Nf3 Bb4 7. 0-0 Nge7 8. Nb5 d5 9. exd5 exd5 10. Bxd5 Nxd5 11. Qxd5 0-0 12. Qe4 Re8 13. Qc2 a6 14. Rd1 Qb6 15. Nc3 Bxc3 16. bxc3 Bg4 17. Be3 Qc7 18. Ng5 g6 19. Re1 Bf5 20. Qb3 Na5 21. Qb6 Qxb6 22. Bxb6 Nc4 23. Bd4 h6 24. Nf3 Be4 25. Ne5 Nxe5 26. Rxe4 Nc6 27. Rxe8+ Rxe8 28. Be3 Kg7 29. Kf1 Rd8 30. Ke2 f5 31. h4 Re8 32. Kd3 Ne5+ 33. Kc2 Nc4 34. Bd4+ Kf7 35. a4 Re4 36. g3 b5 37. axb5 axb5 38. Ra7+ Ke8 39. Rb7 Nd6 40. Rg7 Re6 41. Kb3 Kf8 42. Ra7 Ke8 43. Kb4 h5 44. f3 Nc8 45. Rb7 Nd6 46. Rb6 Kd7 47. Bc5 Nc8 48. Rxe6 Kxe6 49. f4 1-0

[Event "Asia Club-ch Hybrid"]
[Site "Tornelo INT"]
[Date "2021.11.04"]
[Round "2.4"]
[White "Iskandar, Bin Abdullah"]
[Black "Koh, Zhe Quan Benedict"]
[Result "1-0"]
[WhiteElo "1992"]
[BlackElo "1094"]
[PlyCount "65"]
[EventDate "2021.11.03"]
[EventType "team-swiss"]
[EventRounds "9"]
[EventCountry "NET"]
[SourceTitle "CBM 205 Extra"]
[Source "ChessBase"]
[SourceDate "2022.01.31"]
[SourceVersion "1"]
[SourceVersionDate "2022.01.31"]
[SourceQuality "1"]
[WhiteTeam "SG Chess Hub"]
[BlackTeam "Lion City Meetup"]
[WhiteTeamCountry "SIN"]
[BlackTeamCountry "SIN"]

1. d4 d5 2. c4 c6 3. Nc3 Nf6 4. Bg5 Bf5 5. e3 e6 6. Nf3 Nbd7 7. cxd5 exd5 8. Bd3 Bg6 9. 0-0 Bd6 10. Bh4 0-0 11. Qc2 Bxd3 12. Qxd3 Re8 13. Nd2 Qc7 14. Bg3 Bxg3 15. hxg3 Re6 16. b4 Rae8 17. Rfc1 Qd6 18. b5 c5 19. dxc5 Nxc5 20. Qd4 b6 21. Rd1 Qd7 22. Rac1 Rd8 23. Nf3 Qe8 24. Qb4 Red6 25. Rc2 Nce4 26. Nxe4 Nxe4 27. Rc7 Rh6 28. Qd4 f6 29. g4 Qg6 30. Re7 Ng5 31. Rc1 f5 32. Rcc7 Ne6 33. Rxe6 1-0